000 00639nam a2200205 4500
001 124065
003 ES-MaACL
005 20231220202827.0
007 t|
008 070214s1958 sp r ||||1| spa d
100 1 _aRamón y Cajal, Santiago,
_d1852-1934
_9226468
245 1 0 _aPensamientos de Ramón y Cajal /
_cselección y notas de Antonio C. Gavaldá.
260 _aBarcelona :
_bSintes,
_c1958.
300 _a67 p. ;
_c17 cm.
490 1 _aLiteratos y pensadores ;
_v50
700 1 _aCunillera, Antonio.
_942180
830 1 _aLiteratos y pensadores ;
_v50
_9186761
852 _aES-MaACL
_jF-11496
999 _c124065
_d124065